| 000 | 00600nam a2200181 a 4500 | ||
|---|---|---|---|
| 005 | 20230601063734.0 | ||
| 008 | 991125s1957 mx 000 0 spa u | ||
| 035 | _aUPN01000040064 | ||
| 049 | _aLT | ||
| 050 | 4 |
_aLB1584 M6.4 _bM7 |
|
| 245 | 0 | 0 |
_aMoral, civismo y urbanización para el cuarto año : _bsiguiendo los programas vigentes de la Secretaría de Educación Pública |
| 260 |
_aMéxico : _bL. Fernández, _c1957 |
||
| 300 | _a156 p | ||
| 440 | 0 | _aNueva Serie Don Vasco | |
| 650 | 4 |
_aCivismo _xEstudio y enseñanza (Elemental) _92807 |
|
| 650 | 4 |
_aCONDICIONES MORALES _910907 |
|
| 905 | _aLibro | ||
| 999 |
_c40064 _d40064 |
||